Human Resources Management / Eighth Edition (Record no. 927)
[ view plain ]
| 000 -LEADER | |
|---|---|
| fixed length control field | 01468cam a22002174a 4500 |
| 005 - ΗΜΕΡΟΜΗΝΙΑ ΚΑΙ ΩΡΑ ΤΕΛΕΥΤΑΙΑΣ ΕΝΗΜΕΡΩΣΗΣ | |
| Πεδίο ελέγχου | 20250605163950.0 |
| 008 - FIXED-LENGTH DATA ELEMENTS--GENERAL INFORMATION | |
| Πεδίο ελέγχου σταθερού μήκους | 250528s ||||||||||||||||||||||||d |
| 035 ## - SYSTEM CONTROL NUMBER | |
| System control number | 15337 |
| 020 ## - ISBN | |
| ISBN | 712110518 |
| 040 ## - ΠΗΓΗ ΚΑΤΑΛΟΓΟΓΡΑΦΗΣΗΣ | |
| Φορέας πρωτότυπης καταλογογράφησης | MC Athens Campus Library |
| Γλώσσα καταλογογράφησης | Ελληνικά, Μοντέρνα (1453-) |
| Modifying agency | MC Athens Campus Library |
| Κανόνες περιγραφικής καταλογογράφησης | AACR2 |
| 245 1# - ΤΙΤΛΟΣ ΚΑΙ ΔΗΛΩΣΗ ΥΠΕΥΘΥΝΟΤΗΤΑΣ | |
| Τίτλος | Human Resources Management / Eighth Edition |
| 250 ## - EDITION STATEMENT | |
| Edition statement | 8th |
| 260 ## - PUBLICATION, DISTRIBUTION, ETC. | |
| Name of publisher, distributor, etc. | M&E Handbooks, |
| Date of publication, distribution, etc. | 1995 |
| 300 ## - PHYSICAL DESCRIPTION | |
| Extent | 440 |
| 520 ## - SUMMARY, ETC. | |
| Summary, etc. | This book is ideal for students and professionals who want to grasp the essentials of a subject quickly and thoroughly. Preface, Work Psychology, Elementary Individual Psychology, Motivation in Work, Learning, Individual Differences, Interviewing, Physical and Psychological Conditions of Work, Social Psychology at Work, Leadership and Participation, Communications and Change, Other Influences on Employee Behavior, Personnel Management, Human Resources Planning, Job Analysis and Job Specification, Recruitment and Selection, Promotion and Transfer and Demotion and Retirement, Resignation and Dismissal, Labor Turnover, Appraisal, Training Principles and Administration, Training Methods, Job Evaluation, Wages and Salaries, Safety Conditions of Employment, Personnel Records and Statistics, Employee Relations, European Union Dimensions of personnel Management, International Comparisons in Human Resources Management Practice, Appendices, Index. |
| 700 1# - ΠΡΟΣΘΕΤΗ ΑΝΑΓΡΑΦΗ--ΦΥΣΙΚΟ ΠΡΟΣΩΠΟ | |
| Personal name | Bennett Roger |
| 9 (RLIN) | 1002 |
| 700 1# - ΠΡΟΣΘΕΤΗ ΑΝΑΓΡΑΦΗ--ΦΥΣΙΚΟ ΠΡΟΣΩΠΟ | |
| Personal name | Graham H.T |
| 9 (RLIN) | 1239 |
| 942 ## - ADDED ENTRY ELEMENTS (KOHA) | |
| Koha item type | Books |
| Τύπος τεκμηρίου | Βιβλιοθήκη | Τρέχουσα τοποθεσία | Barcode | Αριθμός εισαγωγής | Ημερομηνία απόκτησης | Ταξιθετικό σύμβολο | Αριθμός αντιτύπου | Κατάσταση απόσυρσης | Κατάσταση χαμένου | Κατάσταση κατεστραμμένου | Μη δανεισμός | Σύνολο δανεισμών | Ημερομηνία τελευταίας εμφάνισης | Η τιμή ισχύει από |
|---|---|---|---|---|---|---|---|---|---|---|---|---|---|---|
| Books | MC Athens Campus Library | MC Athens Campus Library | 9780000009265 | 1585 | 05/06/2025 | 658.3 GRA | 1 | 05/06/2025 | 05/06/2025 |